Statistiques concernant Villes en vert sur les panneaux

Cliquez ici pour prendre le quiz!

Statistiques générales

  • Ce quiz a été pris 117 fois
    (35 depuis la dernière actualisation)
  • Le résultat moyen est 184 sur 408

Statistiques - réponses

Département Villes % Correct
Toul
92%
06Nice
85%
13Marseille
85%
83Toulon
85%
75Paris
85%
86Poitiers
85%
54Nancy
85%
02Laon
85%
34Montpellier
85%
Aix en Provence
77%
65Tarbes
77%
60Beauvais
77%
67Strasbourg
77%
69Lyon
77%
71Mâcon
77%
21Dijon
77%
42Saint Etienne
77%
57Metz
77%
30Nimes
77%
Alès
77%
33Bordeaux
77%
29Quimper
77%
44Nantes
77%
49Angers
77%
38Grenoble
77%
37Tours
77%
59Lille
77%
64Pau
77%
Cannes
77%
Menton
77%
Narbonne
77%
05Gap
77%
87Limoges
77%
89Auxerre
69%
Saumur
69%
31Toulouse
69%
Arcachon
69%
47Agen
69%
Bastia
69%
Béziers
69%
Saint Quentin
69%
88Epinal
69%
Boulogne Billancourt
69%
Grasse
69%
26Valence
69%
56Vannes
69%
53Laval
69%
28Chartres
69%
Brest
69%
84Avignon
69%
Sète
69%
58Nevers
69%
25Besançon
69%
Cherbourg
69%
35Rennes
69%
14Caen
69%
974Saint Denis
69%
Reims
69%
76Rouen
69%
09Foix
69%
Martigues
69%
Arles
69%
11Carcassonne
69%
72Le Mans
69%
Istres
69%
36Châteauroux
69%
16Angoulême
69%
Saint Denis
69%
Hyères
69%
Saint Nazaire
69%
01Bourg en Bresse
69%
10Troyes
69%
68Colmar
69%
17La Rochelle
69%
78Versailles
69%
45Orléans
69%
Dax
62%
972Fort de France
62%
Cholet
62%
50Saint Lô
62%
Saint Pierre
62%
41Blois
62%
Dunkerque
62%
Bayonne
62%
Biarritz
62%
40Mont de Marsan
62%
63Clermont Ferrand
62%
Saint Omer
62%
Lourdes
62%
Mulhouse
62%
74annecy
62%
Dieppe
62%
73Chambéry
62%
Villeurbanne
62%
Meaux
62%
Lens
62%
Calais
62%
Le Havre
62%
Roubaix
62%
Douai
62%
Cambrai
62%
Lorient
62%
Tourcoing
62%
Valenciennes
62%
62Arras
62%
Compiègne
62%
Saint Tropez
62%
Villeneuve d'Ascq
62%
Orange
62%
66Perpignan
62%
04Digne les Bains
62%
Morlaix
62%
Corte
62%
19Tulle
62%
Saintes
62%
18Bourges
62%
Vichy
62%
Porto Vecchio
62%
24Perigueux
62%
03Moulins
62%
Dinan
62%
22Saint Brieuc
62%
Dreux
62%
Beaune
62%
Rochefort
62%
20Ajaccio
62%
08Charleville Mezières
62%
Cognac
62%
Antibes
62%
12Rodez
62%
15Aurillac
62%
Saint Malo
62%
79Niort
54%
Montluçon
54%
Millau
54%
81Albi
54%
23Gueret
54%
Bergerac
54%
92Nanterre
54%
EspagneBarcelone
54%
91Evry
54%
61Alençon
54%
Le Touquet
54%
Montélimar
54%
Brive la Gaillarde
54%
Anglet
54%
Calvi
54%
85La Roche sur Yon
54%
70Vesoul
54%
82Montauban
54%
07Privas
54%
Les Sables d'Olonne
54%
Vienne
54%
90Belfort
54%
Saint Dizier
54%
32Auch
54%
52Chaumont
54%
Kourou
54%
973Cayenne
54%
La Baule
54%
27Evreux
54%
Libourne
54%
Dole
54%
46Cahors
54%
Fougères
54%
48Mende
54%
43Le Puy en Velay
54%
94Créteil
54%
Soissons
46%
Aubenas
46%
Chateau Thierry
46%
Vierzon
46%
Montargis
46%
Cavaillon
46%
Dinard
46%
Lisieux
46%
Royan
46%
Sélestat
46%
Pontoise
46%
39Lons le Saunier
46%
Mantes la Jolie
46%
Bruges
46%
Fécamp
46%
Sarcelles
46%
Sedan
46%
77Melun
46%
BelgiqueBruxelles
46%
AndorreAndorre la Vieille
46%
Verdun
46%
Salon de Provence
46%
Bilbao
46%
Lausanne
46%
95Cergy
46%
80Amiens
46%
Roanne
46%
Le Tampon
46%
Milan
46%
LuxembourgLuxembourg
46%
Maubeuge
46%
Briançon
46%
Aubervilliers
46%
Epernay
46%
Saint Dié des Vosges
46%
Longwy
46%
Lunéville
46%
Thionville
46%
Turin
46%
Montbeliard
46%
55Bar le Duc
46%
Saint Paul
46%
Neuilly sur Seine
46%
Armentières
46%
Sarrebruck
46%
Genes
46%
MonacoMonaco
46%
Bâle
46%
SuisseGenève
46%
Bonifacio
46%
Mérignac
46%
ItalieAoste
46%
51Chalons en Champagne
46%
Esch sur Alzette
46%
Saint Sébastien
46%
Issy les Moulineaux
38%
Charleroi
38%
Liège
38%
Courbevoie
38%
Oyonnax
38%
Sisteron
38%
Chatellerault
38%
Marne la Vallée
38%
Castres
38%
Annonay
38%
Karlsruhe
38%
Abbeville
38%
Noirmoutier
38%
Draguignan
38%
Carpentras
38%
Montreuil
38%
Chalon sur Saône
38%
Hénin Beaumont
38%
albertville
38%
Saragosse
38%
Annemasse
38%
La Ciotat
38%
Saint jean de Luz
38%
Sarreguemines
38%
Forbach
38%
Guebwiller
38%
Béthune
38%
Boulogne sur Mer
38%
Creil
38%
Sartène
38%
Figeac
38%
Neuchâtel
38%
Fontainebleau
38%
Rezé
38%
Fribourg
31%
Sarlat la Canéda
31%
Offenbourg
31%
Bourgoin Jallieu
31%
Lannion
31%
Montreux
31%
Denain
31%
Antony
31%
Romans sur Isère
31%
Saint Ouen
31%
Delémont
31%
Vitry le François
31%
Bondy
31%
Drancy
31%
Saint Chamond
31%
Epinay sur Seine
31%
93Bobigny
31%
Saint Joseph
31%
Pontarlier
31%
Gennevilliers
31%
Sens
31%
Saint Leu
31%
Rueil Malmaison
31%
Pont à Mousson
31%
Clichy
31%
Berck
31%
Aix les Bains
31%
Chamonix Mont Blanc
31%
Gérone
31%
Huesca
31%
Maisons Alfort
31%
Pointe à Pitre
31%
Aubagne
31%
Voiron
31%
Mons
31%
Basse Terre
31%
Ostende
31%
Decazeville
31%
Coni
31%
Villefranche sur Saône
31%
Thiers
31%
Venissieux
31%
L'Ile Rousse
31%
Senlis
31%
Chantilly
31%
La Seyne sur Mer
31%
Haguenau
31%
Fréjus - Saint Raphaël
31%
Caluire
31%
Pampelune
31%
Le Lamentin
23%
Chauny - Tergnier
23%
Le Gosier
23%
Les Abymes
23%
Saint Laurent du Maroni
23%
Saint François
23%
San Remo
23%
Tournai
23%
Arlon
23%
Courtrai
23%
Dinant
23%
Mouscron
23%
Gand
23%
Ypres
23%
Trèves
23%
Saint Benoit
23%
Saint André
23%
AllemagneBaden Baden
23%
Lörrach
23%
Lérida
23%
Menin
23%
Bienne
23%
Carmaux
23%
Propriano
23%
Palaiseau
23%
Flers
23%
Clamart
23%
Colombes
23%
Montrouge
23%
Wattrelos
23%
Lagny sur Marne
23%
Etampes
23%
Bruay la Bussière
23%
Le Creusot
23%
Montceau les Mines
23%
Poissy
23%
Givors
23%
Mazamet
23%
Corbeil Essonnes
23%
Riom
23%
Neufchateau
23%
Saint Amand les Eaux
23%
Levallois Peret
23%
Vincennes
23%
Aulnay sous Bois
23%
Villejuif
23%
Echirolles
23%
L'Isle d'Abeau
23%
Argenteuil
23%
Saint Martin d'Hères
23%
Ivry sur Seine
23%
Nogent sur Marne
23%
Pessac
23%
Le Mont Saint Michel
23%
Vernon
23%
Saint Avold
23%
Villeneuve sur Lot
23%
Hazebrouck
23%
La Courneuve
23%
Thonon - Evian
15%
Elbeuf
15%
Beaucaire - Tarascon
15%
Eu - Le Tréport
15%
Chelles
15%
Firminy
15%
Beaucaire - Tarascon
15%
Saint Herblain
15%
Trouville - Deauville
15%
Autun
15%
Fos sur Mer
15%
Saint Quentin En Yvelines
15%
Le Raincy
15%
Champigny sur Marne
15%
Le Port
15%
Le Blanc Mesnil
15%
Saint Louis
15%
Suresnes
15%
Fontenay sous Bois
15%
L'Haÿ les Roses
15%
Vitry sur Seine
15%
971Anse Bertrand
15%
Deshaies
15%
Le Moule
15%
Saint Maur des Fossés
15%
Asnières sur Seine
15%
Landau
15%
Rambouillet
15%
Saint Germain en Laye
15%
Binche
15%
Les Mureaux - Meulan
15%
Provins
15%
Conflans Sainte Honorine
15%
Montereau Fault Yonne
15%
Montmorency
15%
Rastatt
15%
Ludwigshafen
15%
Zweibrücken
15%
Sarrelouis
15%
Völklingen
15%
Pantin
8%
Sénart
8%

Distribution des résultats

Percentile by Number Answered

% des personnes avec chaque résultat

Votre développement - résultats

Vous n’avez pas pris ce quiz depuis la dernière actualisation